000 01239nam a22002777a 4500
001 TZ 0100
003 gtcocun
005 20251003190552.0
006 a||||gr|||| 00| 0
007 ta
008 251003b2024 gt ||||| m||| 00| 0 eng d
040 _agtcocun
_bSPA
_cgtcocun
_eRDA
041 _aSPA TZ 0100
084 _0TZ 0100
100 _aCalel Gómez, Roxana Marisol
_eAutor
245 _aINFORME DEL EJERCICIO PROFESIONAL SUPERVISADO, REALIZADO EN LA MUNICIPALIDAD DE SAN FERNANDO CHAHAL, EN EL DEPARTAMENTO DE ALTA VERAPAZ./
_cRoxana Marisol Calel Gómez.
_hImpreso
264 _aCobán, Alta Verapaz:
_bUniversidad de San Carlos de Guatemala, Centro Universitario del Norte, Zootecnia
_c2024
300 _a54 p.:
_bIlustraciones, gráficas.
_c28 cm;
502 _eTZ 0100
502 _aTesis de grado
_bZootecnia,
_cUniversidad de San Carlos de Guatemala, Centro Universitario del Norte, Zootecnia
_d2024
_oTZ 0100
650 1 4 _2LEMB
_aSan Fernando Chahal, Alta Verapaz.
_xZootecnia
_xBioseguridad
_xDesparasitante
_xEmbutidos
_xMIDES
_xPlan profiláctico
700 _eAsesor
856 _uSin archivo en línea.
_zSin archivo en línea.
942 _2ddc
_cTES
_iTZ 0100
_kClasificación
_n0
_6TZ_0100_000000000000000
999 _c2227
_d2227